Las grandes amistades

Salvato in:
Dettagli Bibliografici
Autore principale: Maritain, Raïssa (autora)
Natura: Libro
Lingua:spagnolo
Pubblicazione: Buenos Aires Desclée de Brouwer 1950
Soggetti:
Tags: Aggiungi Tag
Nessun Tag, puoi essere il primo ad aggiungerne!!

MARC

LEADER 00000nam a2200000 a 4500
001 UCX3451
003 CL-VaPUC
008 911107e19500000AG |||||||||||||||||spa|d
082 0 4 |a 843  |b MAR  |2 21 
100 |a Maritain, Raïssa  |e autora  |9 319370 
245 1 4 |a Las grandes amistades 
300 |a 188 p 
942 |c BK 
945 |d 19911107 00:00:00 
260 |a Buenos Aires  |b Desclée de Brouwer  |c 1950 
650 0 |a Literatura francesa  |9 266330 
650 0 |a Novela francesa  |9 264985 
650 0 |a Amistad  |9 307341 
583 |a last modification  |c 19911107 00:00:00  |k Rodrigo Vera 
999 |c 224216  |d 224214 
952 |0 0  |1 2  |4 0  |6 843_000000000000000_MAR_1950  |7 0  |8 A  |9 220708  |a BIBTEO  |b BIBTEO  |d 2019-11-15  |i 2894211  |o 843 MAR 1950  |p 2894211  |r 2019-11-15  |w 2019-11-15  |x Descarte 2019  |y BK  |k ICR 
952 |0 0  |1 0  |4 0  |6 843_000000000000000_MAR_1950  |7 0  |8 P  |9 220709  |a BIBEDU  |b BIBEDU  |c BIBEDU_PB  |d 2019-11-15  |i 1580027  |o 843 MAR 1950  |p 1580027  |r 2024-01-25  |w 2019-11-15  |y BK  |k FIL